00605cam a2200193ua 45000010005000000080039000050400009000440820010000531000025000632450075000882500009001632600034001723000017002066530014002236530045002379420007002829990015002899520107003041938110811n ii |||gr||||Z||||||eng cMAIN a370.1 aKar, B. C.,eAuthor.1 aEducation:ba study of its principles and psychology / cby B. C. Kar  a1st. aGuahati:bNew Book Stall,977. a368p:c23cm. aEducation aa study of its principles and psychology cBK c1813d1813 00104070aMAINbMAINcGENd2020-09-19l0o370.1 | KARp11826r2020-09-19 00:00:00t1w2020-09-19yBK